• 首页
  • 本馆介绍
  • 公告通知
  • 最新文献
  • 馆藏检索
  • 电子资源
  • 读者导购
  • 参考咨询
  • 我的图书馆
  • 登录
  • 详细信息显示
  • 放入我的书架
  • 预约/预借图书
  • 作者相关作品
  • 分类相关作品
  • 丛书相关作品
  • 出版社相关作品

书目信息

  • 表格格式
  • 工作单格式
  • 卡片格式
题名:
童话月球的孩子们
    
 
作者: 霍尔拜恩 , 霍尔拜恩 著 ;任革 译
分册:  
出版信息: 北京   朝华出版社  2004.01
页数: 302页
开本: 24cm
丛书名: “童话月球”系列
单 册:
中图分类: I516.84
科图分类:
主题词: 儿童文学--长篇小说--德国--现代 , 儿童文学 , 长篇小说
电子资源:
ISBN: 7-5054-0885-2
000 01110nam0 2200301 450
001 002901106
005 20071015153824.50
010    @a7-5054-0885-2@dCNY30.00
100    @a20050221d2004 am y0chiy0110 ea
101 1  @achi@cger
102    @aCN@b110000
105    @ay z 000ay
200 1  @a童话月球的孩子们@ATong Hua Yue Qiu De Hai Zi Men@f(德)沃尔夫冈·霍尔拜恩(Wolfgang Hohlbein),(德)海克·霍尔拜恩(Heike Hohlbein)著@F( De ) Wo Er Fu Gang· Huo Er Bai En (Wolfgang Hohlbein),( De ) Hai Ke· Huo Er Bai En (Heike Hohlbein) Zhu@g任革译
210    @a北京@c朝华出版社@d2004.01
215    @a302页@d24cm
225 1  @a“童话月球”系列@v2
410  0 @12001 @a“童话月球”系列
510 1  @aMarchenmonds Kinder@zger
606 0  @a儿童文学@x长篇小说@y德国@z现代
606 0  @a儿童文学
606 0  @a长篇小说
690    @aI516.84@v4
701  0 @c(德)@a霍尔拜恩@AHuo Er Bai En@c(Hohlbein, Wolfgang@f1953~)@4著
701  0 @c(德)@a霍尔拜恩@AHuo Er Bai En@c(女,Hohlbein, Heike)@4著
702  0 @a任革@ARen Ge@4译
801  0 @aCN@bNLC@c20071015
905    @aBZT@dI516.84@e3
906    @dCNY30.00@n0@r1
    
    童话月球的孩子们/(德)沃尔夫冈·霍尔拜恩(Wolfgang Hohlbein),(德)海克·霍尔拜恩(Heike Hohlbein)著/任革译.-北京:朝华出版社,2004.01
    302页;24cm.-(“童话月球”系列;2)
    
    
    ISBN 7-5054-0885-2:CNY30.00
    
●
相关链接 在五车中查询图书 在当当中查询图书 在豆瓣中查询图书


正题名:童话月球的孩子们     索取号:I516.84/3         预约/预借

序号 登录号 条形码 馆藏地/架位号 状态 备注
1 593800   230155467   中心书库中库/打包BH0251/ [索取号:I516.84/3] 在馆    
2 593801   230155466   中心书库中库/打包BH0251/ [索取号:I516.84/3] 在馆    
3 593802   230155465   中心书库中库/打包BH0251/ [索取号:I516.84/3] 在馆    
4 593803   230155464   中心书库中库/打包BH0251/ [索取号:I516.84/3] 在馆    
5 593804   230155463   中心书库中库/打包BH0251/ [索取号:I516.84/3] 在馆    
6 593805   230155462   中心书库中库/打包BH0251/ [索取号:I516.84/3] 在馆    
7 593806   230155461   中心书库中库/打包BH0251/ [索取号:I516.84/3] 在馆    
8 593807   230155460   中心书库中库/打包BH0251/ [索取号:I516.84/3] 在馆    
9 593808   230155459   中心书库中库/打包BH0251/ [索取号:I516.84/3] 在馆    
10 593809   230155458   中心书库中库/打包BH0205/ [索取号:I516.84/3] 在馆    
山东省滨州职业学院图书馆 欢迎您!
大连网信软件有限公司© 版权所有